[Event "129th ch-New York State"]
[Site "New York USA"]
[Date "2007.09.03"]
[Round "5"]
[White "Benjamin,Joe"]
[Black "Nakamura,H"]
[Result "0-1"]
[WhiteElo "2576"]
[BlackElo "2647"]

1.e4 e6 2.d4 d5 3.e5 c5 4.c3 Nc6 5.Nf3 Qb6 6.Be2 Nh6 7.Bd3 Bd7 8.Bc2 Rc8
9.O-O cxd4 10.cxd4 Nb4 11.Ba4 Bxa4 12.Qxa4+ Qc6 13.Qxc6+ Rxc6 14.Nc3 Nf5
15.Rd1 Nc2 16.Rb1 Rc4 17.Ne2 h5 18.b3 Rc6 19.Bb2 Be7 20.Rbc1 g5 21.Bc3 g4
22.Ne1 Rxc3 23.Nxc2 Rc6 24.Ne3 Nh4 25.Rxc6 bxc6 26.Nf4 Kd7 27.Nd3 f6 28.Nc2 Ng6
29.exf6 Bxf6 30.Rc1 Kd6 31.g3 Ne7 32.Nc5 Nf5 33.Nb7+ Ke7 34.Nb4 Bxd4 35.Nxc6+ Kf6
36.b4 h4 37.Nc5 Rh7 38.Kg2 e5 39.Nd3 Rd7 40.b5 h3+ 41.Kf1 e4 42.Ndb4 Be5
43.Rc5 Ke6 44.a4 Bg7 45.Nb8 Rf7 46.N8c6 Rf8 47.Ke1 e3 48.Nd3 Kd6 49.Rc2 Re8
50.Re2 Re4 51.Ra2 Bd4 52.Kf1 Bc3 53.fxe3 Rxe3 54.Ncb4 Nd4 55.Kf2 Re4 56.Ra3 Re2+
57.Kf1 Bxb4 58.Nxb4 Rb2 59.Nd3 Rb1+ 60.Kf2  0-1

[Event "129th ch-New York State"]
[Site "New York USA"]
[Date "2007.09.03"]
[Round "6"]
[White "Nakamura,H"]
[Black "Ibragimov,I"]
[Result "0-1"]
[WhiteElo "2647"]
[BlackElo "2599"]

1.e4 e5 2.d4 exd4 3.c3 dxc3 4.Bc4 Nc6 5.Nf3 d6 6.Qb3 Qd7 7.O-O Na5 8.Qxc3 Nxc4
9.Qxc4 Ne7 10.Nc3 Ng6 11.Be3 c6 12.Nd4 Ne5 13.Qe2 Qg4 14.f3 Qh5 15.Ncb5 cxb5
16.Nxb5 Kd8 17.Rfd1 Bd7 18.a4 Be7 19.Bxa7 Rxa7 20.Nxa7 g5 21.h3 g4 22.f4 Nf3+
23.Kh1 Rg8 24.e5 gxh3 25.g3 Rxg3 26.exd6 Bf6 27.Qc2 Rg2  0-1

[Event "USCL 2007"]
[Site "ICC INT"]
[Date "2007.09.10"]
[Round "3"]
[White "Bhat,V"]
[Black "Nakamura,H"]
[Result "1-0"]
[WhiteElo "2450"]
[BlackElo "2647"]

1.d4 Nf6 2.Nf3 c5 3.d5 b5 4.Bg5 Qa5+ 5.c3 Ne4 6.Bh4 b4 7.c4 b3+ 8.Nbd2 bxa2
9.Qb3 Na6 10.Rxa2 Qb4 11.Qc2 Nxd2 12.Nxd2 d6 13.Ra4 Qb6 14.Qc3 f6 15.e4 g6
16.f4 Bg7 17.Be2 O-O 18.O-O f5 19.e5 Re8 20.Bf3 Rb8 21.b3 Nb4 22.Re1 e6 23.Raa1 Bb7
24.dxe6 dxe5 25.fxe5 Rxe6 26.Bxb7 Qxb7 27.Nf3 Nc6 28.Bf2 Qe7 29.Rad1 Nxe5
30.Nxe5 Rxe5 31.Rxe5 Bxe5 32.Qe3 Bd6 33.Qd3 Rd8 34.Qd5+ Kg7 35.Qf3 a6 36.Rd5 Qc7
37.Qc3+ Kf7 38.g3 Re8 39.Qa1 Qc6 40.Qa5 Rc8 41.Qd2 Be7 42.Rd7 Ke8 43.Rd5 Kf7
44.Rd7 Rb8 45.Qd3 Rb7 46.Rd5 a5 47.Qf3 Qb6 48.g4 Qxb3 49.Rd3 Qxc4 50.gxf5 Rb1+
51.Kg2 g5 52.f6 Bxf6 53.Qf5 Rb2 54.Rd7+ Kg8 55.Qxh7+ Kf8 56.Qf5 Rxf2+ 57.Kxf2 Qf4+
58.Qxf4 gxf4 59.Kf3 Bc3 60.Kxf4 Bb4 61.Ke4 c4 62.Rc7 c3 63.Kd3 Kg8 64.h4 Kh8
65.h5 Bd6 66.Ra7 a4 67.Rxa4 Kh7 68.Ra7+ Kg8 69.Kxc3 Bf8 70.Kd3 Bg7 71.Ke4 Kh7
72.Kf5 Kh6 73.Rb7 Bc3 74.Rb6+ Kh7 75.Rd6 Bb2 76.Rc6 Bd4 77.Ke4 Bg7 78.Kf5 Bd4
79.Kf4  1-0

[Event "USCL 2007"]
[Site "ICC INT"]
[Date "2007.09.17"]
[Round "4"]
[White "Nakamura,H"]
[Black "Christiansen,L"]
[Result "1/2-1/2"]
[WhiteElo "2647"]
[BlackElo "2575"]

1.d4 Nf6 2.Bg5 d5 3.e3 Ne4 4.Bf4 c5 5.Bd3 e6 6.Bxe4 dxe4 7.Nc3 cxd4 8.Qxd4 Qxd4
9.exd4 Bb4 10.Ne2 f5 11.O-O-O O-O 12.d5 Na6 13.dxe6 Bxe6 14.Bd6 Rfd8 15.Bxb4 Nxb4
16.Nd4 Kf7 17.Rhe1 Rac8 18.g4 g6 19.gxf5 Bxf5 20.Ndb5 e3 21.Nd6+ Rxd6 22.Rxd6 Nxa2+
23.Nxa2 Rxc2+ 24.Kd1 Rxb2 25.Rxe3 Rxa2 26.Rc3 Ke7 27.Rd4 h5 28.Rc7+ Kf6 29.Rxb7 Rxf2
30.h4 Ra2 31.Rc4 Ke5 32.Rb5+ Kd6  1/2-1/2

[Event "Open"]
[Site "Miami USA"]
[Date "2007.09.28"]
[Round "4"]
[White "Shabalov,A"]
[Black "Nakamura,H"]
[Result "0-1"]
[WhiteElo "2637"]
[BlackElo "2647"]

1.e4 c5 2.Nf3 d6 3.d4 cxd4 4.Nxd4 Nf6 5.Nc3 a6 6.Bc4 e6 7.Bb3 b5 8.Bg5 Be7
9.Qf3 Qb6 10.Rd1 O-O 11.O-O Nbd7 12.Qg3 Nh5 13.Qh4 Bxg5 14.Qxg5 Nhf6 15.Rfe1 Bb7
16.Re3 Ne5 17.Rg3 Ng6 18.Nf5 b4 19.Rxd6 Qc7 20.e5 exf5 21.h4 bxc3 22.Rxf6 Qxe5
23.Rxf5 Qe1+ 24.Kh2 cxb2  0-1

[Event "Open"]
[Site "Miami USA"]
[Date "2007.09.29"]
[Round "6"]
[White "Schneider,Dm"]
[Black "Nakamura,H"]
[Result "1/2-1/2"]
[WhiteElo "2488"]
[BlackElo "2647"]

1.e4 c5 2.Nf3 d6 3.d4 cxd4 4.Nxd4 Nf6 5.Nc3 a6 6.Be3 e6 7.f3 b5 8.g4 h6 9.Qd2 Nbd7
10.O-O-O Bb7 11.h4 Ne5 12.Qg2 Rc8 13.g5 Nfd7 14.gxh6 g6 15.h5 g5 16.Bxg5 Qxg5+
17.Qxg5 Bxh6 18.Qxh6 Rxh6 19.Ndxb5 axb5 20.Nxb5 Ke7 21.Nxd6 Rc7 22.Nxb7 Rxb7
23.Be2 Nf6 24.f4 Ned7 25.e5 Nd5 26.Rd4 Ra7 27.a3 Rc7 28.Rh3 f6 29.exf6+ Rxf6
30.h6 Rc8 31.h7 Rh8 32.Rh4 Nf8 33.Bd3 Ng6 34.Bxg6 Rxg6  1/2-1/2

[Event "Open"]
[Site "Miami USA"]
[Date "2007.09.29"]
[Round "7"]
[White "Nakamura,H"]
[Black "Bachmann,Ax"]
[Result "1/2-1/2"]
[WhiteElo "2647"]
[BlackElo "2466"]

1.d4 d5 2.c4 dxc4 3.e4 Nf6 4.e5 Nd5 5.Bxc4 Nb6 6.Bd3 Nc6 7.Ne2 Be6 8.Nbc3 Qd7
9.Ne4 Bd5 10.O-O e6 11.Be3 Rd8 12.a3 Bxe4 13.Bxe4 Nd5 14.Qc2 Nce7 15.Bg5 h6
16.Bxd5 exd5 17.Bxe7 Bxe7 18.Ng3 O-O 19.Nf5 Rfe8 20.f4 Bf8 21.Kh1 b6 22.Rf3 c5
23.Rg3 Kh8 24.Rd1 a5 25.Qd3 Re6 26.Nh4 cxd4 27.Nf3 Rc6 28.Nxd4 Rc4 29.b3 Rc7
30.f5 Rdc8 31.Qf1 Qe7 32.Nb5 Rc2 33.Nd6 R8c7 34.f6 gxf6 35.Ne8 R7c3 36.Nxf6 Rxg3
37.hxg3 Qxe5 38.Qd3 Qxf6 39.Qxc2 Qe5 40.Qd2 Qh5+ 41.Kg1 Bc5+ 42.Kf1 Qh1+
43.Ke2 Qxg2+ 44.Kd3 Qe4+ 45.Kc3 Bf8 46.Kb2 Bg7+ 47.Ka2 a4 48.Rc1 d4 49.Re1 axb3+
50.Kxb3 Qd5+ 51.Kc2 Qc4+ 52.Kd1 d3 53.Qc1 Qxc1+ 54.Kxc1 Bc3 55.Re3 d2+ 56.Kd1 Ba5  1/2-1/2

[Event "Open"]
[Site "Miami USA"]
[Date "2007.09.30"]
[Round "8"]
[White "Gonzalez,Ren"]
[Black "Nakamura,H"]
[Result "0-1"]
[WhiteElo "2456"]
[BlackElo "2647"]

1.e4 e6 2.d4 d5 3.exd5 Qxd5 4.Nf3 Nf6 5.Be3 Be7 6.Be2 O-O 7.O-O Qd8 8.c4 b6
9.Ne5 Bb7 10.Bf3 Qc8 11.Nc3 Nbd7 12.Nc6 Re8 13.b4 Bf8 14.c5 a5 15.a3 bxc5
16.dxc5 e5 17.Nxa5 Bxf3 18.Qxf3 Nxc5 19.Bxc5 Bxc5 20.Ne4 Nxe4 21.Qxe4 Qe6
22.Rac1 Bb6 23.Rc6 Qd7 24.Nc4 Bd4 25.b5 h5 26.h3 Qe7 27.Rb1 Ra7 28.Rb3 Ra4
29.Rg3 Qd7 30.Rh6 f5 31.Qc2 Raa8 32.Rxh5 e4 33.Qd2 f4 34.Qxf4 Bxf2+ 35.Qxf2 Qd1+
36.Kh2 Qxh5 37.Qf6 Qf7 38.Qc6 Rad8 39.Ne3 Rd6 40.Qc5 Rd3 41.a4 Qf4 42.a5 Re6
43.Qc4 Qe5 44.Kh1 Kh7 45.Nf1 Rf6 46.Ne3 Qxg3 47.Qxe4+ Qg6 48.Qh4+ Kg8 49.Qc4+ Rf7  0-1

[Event "Open"]
[Site "Miami USA"]
[Date "2007.09.30"]
[Round "9"]
[White "Nakamura,H"]
[Black "Mikhalevski,V"]
[Result "1/2-1/2"]
[WhiteElo "2647"]
[BlackElo "2598"]

1.d4 Nf6 2.c4 g6 3.Nc3 d5 4.Nf3 Bg7 5.Bg5 Ne4 6.cxd5 Nxg5 7.Nxg5 e6 8.Nf3 exd5
9.e3 O-O 10.Be2 c6 11.O-O Qe7 12.a3 Be6 13.b4 Nd7 14.Ne1 a5 15.Nd3 b5 16.Qd2 a4
17.Nc5 Nb6 18.Rae1 Rae8 19.Bd3 Bc8 20.Kh1 Kh8 21.Qc1 Qd6 22.h3  1/2-1/2

[Event "USCL 2007"]
[Site "ICC INT"]
[Date "2007.10.03"]
[Round "6"]
[White "Nakamura,H"]
[Black "Serper,G"]
[Result "1/2-1/2"]
[WhiteElo "2647"]
[BlackElo "2499"]

1.d4 Nf6 2.c4 e6 3.Nf3 d5 4.g3 dxc4 5.Bg2 Bb4+ 6.Bd2 Bxd2+ 7.Nbxd2 b5 8.a4 c6
9.O-O Bb7 10.Qc2 O-O 11.b3 cxb3 12.Nxb3 Nbd7 13.Ne5 Nxe5 14.dxe5 Nd5 15.Nc5 Qe7
16.Rfc1 a5 17.Bxd5 exd5 18.Nxb7 Qxb7 19.Qxc6 Qxc6 20.Rxc6 b4 21.Kf1 Rfc8
22.Rd6 Rc5 23.Rb6 Rac8 24.Rd1 Kf8 25.Ke1 Ke7 26.f4 g6 27.Rd3 h5 28.Kd2 R8c7
29.Ke3 Rd7 30.h3 Rdc7 31.g4 hxg4 32.hxg4 Rc3 33.Rb5 R7c5 34.Rxc3 Rxc3+ 35.Kd4 Rc4+
36.Kxd5 Rxf4 37.Rxa5 b3 38.e4 Rf1 39.Ra7+ Kf8 40.Rb7 Rd1+ 41.Kc5 Rc1+ 42.Kd4 Ra1
43.e6 Rxa4+ 44.Ke5 fxe6 45.Rxb3 Kg7 46.Rb7+ Kh6 47.Rb5 Kg5 48.Kxe6+ Kxg4
49.e5 g5 50.Kf6 Rf4+ 51.Kg6 Re4 52.Kf7 Kf3 53.Rb3+ Kf4 54.e6 g4 55.e7 Rxe7+
56.Kxe7 g3 57.Kf6 g2 58.Rb1 Kf3 59.Kf5 Kf2 60.Kf4 g1=Q 61.Rb2+ Ke1 62.Rb1+ Kf2
63.Rb2+ Kf1 64.Rb1+ Kg2 65.Rxg1+ Kxg1  1/2-1/2

[Event "USCL 2007"]
[Site "ICC INT"]
[Date "2007.10.17"]
[Round "8"]
[White "Nakamura,H"]
[Black "Vovsha,E"]
[Result "1-0"]
[WhiteElo "2647"]
[BlackElo "2452"]

1.e4 c5 2.Nf3 d6 3.d4 cxd4 4.Nxd4 Nf6 5.Nc3 a6 6.Bc4 e6 7.Bb3 b5 8.O-O b4
9.Na4 Bd7 10.f4 Nc6 11.Be3 Rb8 12.c3 Be7 13.Rc1 Nxe4 14.cxb4 Nxd4 15.Qxd4 Nf6
16.Nb6 O-O 17.Kh1 e5 18.fxe5 dxe5 19.Qxe5 Ng4 20.Qe4 Nxe3 21.Nxd7 Qxd7 22.Qxe3 Bxb4
23.Qe4 Rb6 24.Rcd1 Qc7 25.Qg4 Rh6 26.h3 Bd6 27.Rc1 Qb7 28.Rf3 Rg6 29.Qd4 Be7
30.Bd5 Qb6 31.Qc4 Rf6 32.Qe2 Rxf3 33.Bxf3 Bf6 34.Rc6 Qxb2 35.Qxb2 Bxb2 36.Rxa6 Rc8
37.Kg1 g6 38.Kf2 Kg7 39.Bd5 Rc2+ 40.Ke3 Bc1+ 41.Kd3 Rd2+ 42.Kc4 Rc2+ 43.Kb3 Rd2
44.Ra5 f5 45.a4 Kf6 46.Rc5 Rb2+ 47.Kc3 Ke5 48.a5 Kd6 49.a6 Kxc5 50.a7 Kxd5
51.a8=Q+ Ke5 52.Qd8 Rd2 53.Qe7+ Kf4 54.Qh4+ Ke5 55.Qe1+ Kf6 56.Qxc1 Rxg2
57.Qh6 Ke5 58.Qxh7 Kf4 59.Qc7+ Kg5 60.Kd3 f4 61.Qe5+ Kh4 62.Qxf4+ Kxh3 63.Qh6+ Kg3
64.Qxg6+ Kf2 65.Qb6+ Kf1 66.Ke4 Rf2 67.Ke3 Kg2 68.Qg6+ Kf1 69.Qg4 Rf8 70.Qd7 Rf2
71.Qh3+ Kg1 72.Qg3+ Rg2 73.Qe1+ Kh2 74.Kf3 Rg8 75.Qd2+ Kg1 76.Qc1+ Kh2 77.Qc2+  1-0

[Event "Casino"]
[Site "Barcelona ESP"]
[Date "2007.10.18"]
[Round "1"]
[White "Nakamura,H"]
[Black "Fluvia,J"]
[Result "1-0"]
[WhiteElo "2648"]
[BlackElo "2508"]

1.d4 Nf6 2.c4 g6 3.Nc3 d5 4.Bg5 Ne4 5.Bh4 Nxc3 6.bxc3 dxc4 7.e3 Be6 8.Qb1 Qd5
9.a4 Nc6 10.Nf3 Bh6 11.Be2 g5 12.Bg3 g4 13.Nh4 f5 14.O-O O-O-O 15.Bd1 Qa5
16.Bc2 Rhf8 17.Qb2 Bg5 18.Rab1 b6 19.Rbe1 Bxh4 20.Bxh4 Bd5 21.Bg3 h5 22.f3 gxf3
23.gxf3 f4 24.Bxf4 Nxd4 25.cxd4 Rg8+ 26.Kf2 Qd2+ 27.Re2 Rg2+ 28.Kxg2 Qxe2+
29.Rf2 Rg8+ 30.Bg3 Bxf3+ 31.Kh3 Bg4+ 32.Kh4 Qxe3 33.Qb5 Qxd4 34.Qe5 Qd8 35.Rd2 Bd7
36.Rd4 e6+ 37.Kxh5 Be8+ 38.Kh6 Qe7 39.Rf4 Bf7 40.Qf6 Qf8+ 41.Kh7 Kb8 42.Rf2 e5
43.Qxe5  1-0

[Event "Casino"]
[Site "Barcelona ESP"]
[Date "2007.10.19"]
[Round "2"]
[White "Krasenkow,M"]
[Black "Nakamura,H"]
[Result "0-1"]
[WhiteElo "2668"]
[BlackElo "2648"]

1.Nf3 Nf6 2.c4 e6 3.g3 d5 4.Bg2 Be7 5.O-O O-O 6.b3 a5 7.Nc3 c6 8.d4 Nbd7
9.Qc2 b6 10.e4 Ba6 11.Nd2 c5 12.exd5 cxd4 13.Nb5 exd5 14.Nxd4 Rc8 15.Re1 b5
16.Bb2 Re8 17.Qd1 bxc4 18.bxc4 Qb6 19.Rb1 dxc4 20.Nc6 Rxc6 21.Bxf6 Qxf2+
22.Kxf2 Bc5+ 23.Kf3 Rxf6+ 24.Kg4 Ne5+ 25.Kg5 Rg6+ 26.Kh5 f6 27.Rxe5 Rxe5+
28.Kh4 Bc8  0-1

[Event "Casino"]
[Site "Barcelona ESP"]
[Date "2007.10.20"]
[Round "3"]
[White "Nakamura,H"]
[Black "Gashimov,V"]
[Result "1/2-1/2"]
[WhiteElo "2648"]
[BlackElo "2664"]

1.d4 Nf6 2.c4 e6 3.Nf3 c5 4.d5 d6 5.Nc3 exd5 6.cxd5 g6 7.Nd2 Nbd7 8.e4 Bg7
9.Nc4 Nb6 10.Ne3 O-O 11.Bd3 Re8 12.O-O Nbd7 13.a4 Ne5 14.Be2 g5 15.Rb1 h6
16.b4 b6 17.Bb5 Rf8 18.bxc5 dxc5 19.Qc2 Ne8 20.Bxe8 Rxe8 21.Ne2 Ng4 22.Ng3 Qd6
23.Nc4 Qg6 24.Bb2 Bxb2 25.Rxb2 Ba6 26.Rfb1 Bxc4 27.Qxc4 Qf6 28.Qe2 Ne5 29.Nf5 c4
30.Rc2 Rac8 31.h3 Rc5 32.Rb5 Rec8 33.Rxc5 Rxc5 34.d6 Kh7 35.Qd1 Nd7 36.Ne3 c3
37.Qd3 Kg8 38.Ng4 Qe6 39.Ne3 Qf6 40.Nc4 Qe6 41.Rxc3 Rc6 42.Qd4 a6 43.e5 b5
44.axb5 axb5 45.Na3 Rxc3 46.Qxc3 Qxe5 47.Qxe5 Nxe5 48.Nxb5 Kf8 49.Nd4 Ke8
50.Nf5 Kd7 51.Nxh6 Kxd6 52.Kh2 Ke6 53.Kg3 f5 54.f4 gxf4+ 55.Kxf4 Nd3+ 56.Kg5 Ne1
57.g3 Nf3+ 58.Kg6 Ne5+ 59.Kg7 Nd3 60.Nf7 f4 61.g4 Nf2 62.Ng5+ Ke7 63.h4 Nxg4
64.h5 Kd7 65.Ne4 f3 66.Kf7 Kc6 67.Ke6 Nh6 68.Nf2 Kc5 69.Ke5 Ng8 70.Ng4 Nh6
71.Nf2 Ng8 72.Ne4+ Kc6 73.Ke6 Nh6 74.Ke5 Ng8 75.Nf2 Kc5 76.Kf4 Kd5 77.Kxf3 Ke5
78.Ng4+ Kf5 79.h6 Nxh6 80.Nxh6+  1/2-1/2

[Event "Casino"]
[Site "Barcelona ESP"]
[Date "2007.10.21"]
[Round "4"]
[White "Vaganian,R"]
[Black "Nakamura,H"]
[Result "0-1"]
[WhiteElo "2600"]
[BlackElo "2648"]

1.Nf3 Nf6 2.c4 g6 3.Nc3 Bg7 4.e4 d6 5.d4 O-O 6.Be2 e5 7.O-O Nc6 8.d5 Ne7
9.Nd2 a5 10.a3 c5 11.Rb1 Ne8 12.b4 axb4 13.axb4 b6 14.bxc5 bxc5 15.Nb3 f5
16.f3 f4 17.Bd2 Bd7 18.Ra1 g5 19.Nb5 Rxa1 20.Qxa1 Nc8 21.g4 fxg3 22.hxg3 Qf6
23.Qc1 Qg6 24.Nc3 h6 25.Na1 Nf6 26.Nc2 g4 27.Qe1 gxf3 28.Bxf3 Nb6 29.Ne3 Bh3
30.Bg2 Bxg2 31.Nf5 Rf7 32.Kxg2 Nxc4 33.Qe2 Nxd2 34.Qxd2 Nxe4 35.Nxe4 Rxf5
36.Rxf5 Qxf5 37.Nxd6 Qg6 38.Nb5 Qe4+ 39.Kh2 Qb4 40.Qe2 c4 41.Nc7 c3 42.Qa6 c2
43.Qc8+ Qf8 44.Ne8 c1=Q 45.Qxc1 Qxe8 46.d6 Qe6 47.Qc7 Bf6 48.d7 Qd5 49.Qc8+ Kg7
50.Qe8 e4 51.Kh3 Bg5 52.Kg4 e3 53.Kh3 Qh1+ 54.Kg4 Qd1+  0-1

[Event "Casino"]
[Site "Barcelona ESP"]
[Date "2007.10.22"]
[Round "5"]
[White "Nakamura,H"]
[Black "Beliavsky,A"]
[Result "1/2-1/2"]
[WhiteElo "2648"]
[BlackElo "2646"]

1.d4 d5 2.c4 c6 3.Nf3 Nf6 4.Nc3 e6 5.e3 Nbd7 6.b3 Bb4 7.Bd2 O-O 8.Bd3 c5
9.cxd5 cxd4 10.Nxd4 Ne5 11.Bc2 Nxd5 12.Nxd5 Bxd2+ 13.Qxd2 Qxd5 14.f4 Ng6
15.Nf3 Qxd2+ 16.Kxd2 Rd8+ 17.Ke2 b6 18.Be4 Ba6+ 19.Kf2 Rac8 20.Rad1 Ne7 21.Nd4 Nd5
22.Bf3 h6 23.a3 Rc3 24.Rc1 Rdc8 25.Rxc3 Rxc3 26.f5 Nxe3 27.fxe6 fxe6 28.Re1 Nf5
29.Nxf5 exf5 30.Re7 Bd3 31.Rxa7 Be4 32.Bxe4 fxe4 33.b4 b5 34.Ra5 Kf7 35.Rxb5 e3+
36.Ke2 Rxa3 37.h4 Ra2+ 38.Kxe3 Rxg2 39.h5 Rg4 40.Kf3 Rc4 41.Kg3  1/2-1/2

[Event "Casino"]
[Site "Barcelona ESP"]
[Date "2007.10.25"]
[Round "8"]
[White "Nakamura,H"]
[Black "Illescas Cordoba,M"]
[Result "1-0"]
[WhiteElo "2648"]
[BlackElo "2598"]

1.d4 Nf6 2.c4 e6 3.g3 d5 4.Nf3 Be7 5.Bg2 O-O 6.O-O dxc4 7.Qc2 a6 8.Qxc4 b5
9.Qc2 Bb7 10.Bd2 Be4 11.Qc1 Nbd7 12.Ba5 Ra7 13.Nbd2 Bd5 14.Re1 Ne4 15.Nxe4 Bxe4
16.Qf4 Nf6 17.Ne5 Bxg2 18.Kxg2 Bd6 19.Rac1 Nd5 20.Qd2 Ne7 21.Nc6 Nxc6 22.Rxc6 Bb4
23.Bxb4 Qd5+ 24.f3 Qxc6 25.Rc1 Qd7 26.Bxf8 Kxf8 27.Rc5 Kg8 28.Qc3 h6 29.b4 Qd6
30.a3 a5 31.bxa5 Qa6 32.Rxc7 Rxc7 33.Qxc7 b4 34.Kf2 bxa3 35.Qb8+ Kh7 36.Qb4 a2
37.Qa4 Qd6 38.a6  1-0

[Event "Corsica Masters"]
[Site "Bastia FRA"]
[Date "2007.10.29"]
[Round "1.4"]
[White "Nakamura,H"]
[Black "Mikhalevski,V"]
[Result "1-0"]
[WhiteElo "2648"]
[BlackElo "2584"]

1.Nf3 Nf6 2.c4 g6 3.Nc3 d5 4.Qa4+ Bd7 5.Qb3 dxc4 6.Qxc4 Nc6 7.d4 Bg7 8.e4 O-O
9.e5 Be6 10.exf6 Bxc4 11.fxg7 Kxg7 12.Bxc4 Nxd4 13.Nxd4 Qxd4 14.Be2 Qb4 15.O-O Rfd8
16.Rb1 Rd7 17.b3 Kg8 18.Na4 Rad8 19.a3 Qe4 20.Be3 b6 21.Nc3 Qe5 22.Rbc1 Rd2
23.Rfe1 c5 24.Bc4 R2d3 25.Bh6 Qh5 26.Bxd3 Qxh6 27.Bc4 e6 28.a4 Rd2 29.Ne4 Rd4
30.Rc3 Qf4 31.Rf3 Qb8 32.Ng5 f5 33.Nxe6 Rxc4 34.bxc4 Qd6 35.h4 Qd2 36.Rfe3 Qc2
37.Ng5 Qxc4 38.Re8+ Kg7 39.R1e7+ Kf6 40.Nxh7+  1-0

[Event "Corsica Masters"]
[Site "Bastia FRA"]
[Date "2007.10.29"]
[Round "1.3"]
[White "Mikhalevski,V"]
[Black "Nakamura,H"]
[Result "1/2-1/2"]
[WhiteElo "2584"]
[BlackElo "2648"]

1.d4 Nf6 2.c4 e6 3.g3 Bb4+ 4.Bd2 Be7 5.Bg2 d5 6.Nf3 O-O 7.O-O c6 8.Qc2 b6
9.Bf4 Bb7 10.Nc3 Nbd7 11.Rfd1 Rc8 12.b3 c5 13.cxd5 cxd4 14.d6 Rxc3 15.dxe7 Qxe7
16.Bd6 Rxc2 17.Bxe7 Bxf3 18.Bxf3 Re8 19.Bxf6 Nxf6 20.Rxd4 e5 21.Ra4 e4 22.Bg2 Re7
23.Rd1 g6 24.Kf1 e3 25.fxe3 Kg7 26.Rd3 h5 27.Bf3 Rec7 28.h4 Nd7 29.Rad4 Ne5
30.Rd2 R2c3 31.Kf2 Rc2 32.Rxc2 Rxc2 33.Ra4 a5 34.Be4 Rc1 35.Bf3 Rc2 36.Kf1 Kf8
37.Ke1 Rc1+ 38.Kf2 Ke7 39.b4 Rc4 40.a3 Ng4+ 41.Ke1 Kd6 42.Kd2 f5 43.Bb7 Nf6
44.Kd3 Rg4 45.Bf3 Rxg3 46.bxa5 bxa5 47.Rxa5 Nd7 48.Kd4 Rh3 49.Ra6+ Ke7 50.Rxg6 Rxh4+
51.Kd5 Ra4 52.Rg7+ Kd8 53.Kd6 Nf6 54.Bc6 Ra6 55.Rb7 Ne4+ 56.Kd5 Rxa3 57.Kd4 Ng3
58.Rg7 Nxe2+ 59.Ke5 Rd3 60.Bd5 Nc3 61.Be6 Rxe3+ 62.Kf6 Ne4+ 63.Kxf5 Nd6+
64.Kg5 Rxe6 65.Kxh5 Re1 66.Ra7 Ne4 67.Kg4 Rf1 68.Kh5 Ke8 69.Rb7 Nd6 70.Ra7 Rg1
71.Kh4 Kf8 72.Kh3 Nf7 73.Ra3 Ke7 74.Rg3 Re1 75.Kg4 Ke6 76.Ra3 Ne5+ 77.Kg5 Rg1+
78.Kh4 Kf5 79.Ra4 Ng6+ 80.Kh3 Nf4+ 81.Kh2 Rg2+ 82.Kh1 Rg4 83.Kh2 Rg2+ 84.Kh1 Rb2
85.Kg1 Kg4 86.Kf1 Rh2 87.Ke1 Kf3 88.Ra3+ Ke4 89.Kf1 Nd3 90.Ra8 Rf2+ 91.Kg1 Rb2
92.Kf1 Rf2+ 93.Kg1 Rf7 94.Kg2 Kf4 95.Ra4+ Ke3 96.Kg3 Rf8 97.Kg4 Nf2+ 98.Kh5 Rg8
99.Ra6 Nh3 100.Ra3+ Kf4 101.Ra4+ Kg3 102.Ra3+ Kg2 103.Ra2+ Nf2 104.Ra3 Ne4
105.Kh6 Nd6 106.Kh5 Nc4 107.Rc3 Ne5 108.Ra3 Nf3 109.Kh6 Kg3 110.Ra4 Ne5 111.Kh5 Nf7
112.Rg4+ Rxg4  1/2-1/2

[Event "Corsica Masters"]
[Site "Bastia FRA"]
[Date "2007.10.29"]
[Round "1.1"]
[White "Nakamura,H"]
[Black "Mikhalevski,V"]
[Result "0-1"]
[WhiteElo "2648"]
[BlackElo "2584"]

1.Nf3 Nf6 2.c4 g6 3.Nc3 d5 4.Qa4+ Bd7 5.Qb3 dxc4 6.Qxc4 Nc6 7.e4 e5 8.Qb3 Bg7
9.d3 O-O 10.Be3 Qe7 11.Be2 b6 12.O-O h6 13.Qc2 Kh7 14.a3 Nd8 15.d4 exd4 16.Bxd4 c5
17.Bxf6 Qxf6 18.Rad1 Be6 19.e5 Qe7 20.Qe4 Rc8 21.Nd5 Bxd5 22.Rxd5 Ne6 23.h4 h5
24.Rd6 Nd4 25.Re1 Rcd8 26.Ng5+ Kg8 27.Bc4 Rxd6 28.exd6 Qxd6 29.Nxf7 Qf6 30.Ng5+ Kh8
31.Rf1 Qc6 32.Bd5 Ne2+ 33.Kh1 Ng3+ 34.fxg3 Rxf1+ 35.Kh2 Qf6 36.Qe8+ Bf8 37.Bf7 Qe7
38.Bxg6 Qxe8 39.Bxe8 Rb1 40.Bxh5 Rxb2 41.Bf7 Bd6 42.Ne4 Be5 43.Kh3 Re2 44.Bd5 c4
45.Ng5 c3 46.Bb3 Kg7 47.Nf3 Bf6 48.g4 c2 49.Bxc2 Rxc2 50.g5 Bb2 51.h5 Rc4
52.g4 Rc3 53.Kg2 Rxf3 54.Kxf3 Bxa3 55.Ke4 Bc1 56.Kf5 a5 57.g6 a4 58.g5 Bb2  0-1

[Event "Corsica Masters"]
[Site "Bastia FRA"]
[Date "2007.10.29"]
[Round "2.2"]
[White "Nakamura,H"]
[Black "Van Wely,L"]
[Result "0-1"]
[WhiteElo "2648"]
[BlackElo "2679"]

1.e4 c5 2.Nf3 e6 3.d4 cxd4 4.Nxd4 Nf6 5.Nc3 d6 6.Bc4 Nc6 7.Be3 Be7 8.Bb3 O-O
9.Qe2 a6 10.O-O-O Qc7 11.g4 Na5 12.g5 Nd7 13.h4 b5 14.g6 Nc5 15.gxf7+ Rxf7
16.Kb1 Naxb3 17.Nxb3 b4 18.Nxc5 bxc3 19.Nb3 a5 20.Nd4 Qb7 21.Bc1 cxb2 22.Bg5 Bf8
23.Rhg1 a4 24.f4 Ra5 25.h5 a3 26.e5 dxe5 27.fxe5 Qa6 28.Qe3 Qc4 29.Bf6 Rd5
30.Rg4 Rfd7 31.c3 Ba6 32.Rg2 Rb7 33.Rdg1 Qd3+ 34.Qxd3 Bxd3+ 35.Nc2 Be4 36.Re2 Bf5
37.c4 Rc5 38.Rf2 Rxc4 39.Rxf5 exf5 40.e6 Rg4  0-1

[Event "Corsica Masters"]
[Site "Bastia FRA"]
[Date "2007.10.29"]
[Round "2.4"]
[White "Van Wely,L"]
[Black "Nakamura,H"]
[Result "0-1"]
[WhiteElo "2679"]
[BlackElo "2648"]

1.d4 d5 2.c4 c6 3.Nf3 Nf6 4.Nc3 e6 5.Bg5 h6 6.Bh4 dxc4 7.e4 g5 8.Bg3 b5 9.Be2 Nbd7
10.d5 Nc5 11.dxc6 Qxd1+ 12.Rxd1 a6 13.Be5 Be7 14.h4 g4 15.Nd4 O-O 16.f3 gxf3
17.gxf3 Ne8 18.Kf2 f6 19.Bg3 e5 20.Nf5 Bxf5 21.exf5 Ng7 22.Rhg1 Kh8 23.Bh2 Nxf5
24.Nd5 Rac8 25.f4 Rxc6 26.Bg4 Nd3+ 27.Kf1 Rd6 28.Nc3 Ne3+ 29.Ke2 Nxd1 30.Rxd1 Nxf4+
31.Bxf4 Rxd1 32.Kxd1 exf4 33.Ke2 f5 34.Bh5 Bf6  0-1

[Event "Corsica Masters"]
[Site "Bastia FRA"]
[Date "2007.10.30"]
[Round "3.4"]
[White "Bareev,E"]
[Black "Nakamura,H"]
[Result "0-1"]
[WhiteElo "2653"]
[BlackElo "2648"]

1.Nf3 Nf6 2.c4 e6 3.g3 d5 4.d4 Bb4+ 5.Bd2 Be7 6.Bg2 c6 7.Qc2 O-O 8.O-O b6
9.Rd1 Ba6 10.Ne5 Nfd7 11.Nxd7 Nxd7 12.b3 Rc8 13.Bf4 Nf6 14.Nd2 c5 15.e3 cxd4
16.exd4 Bb4 17.Qb2 dxc4 18.Nxc4 Nd5 19.Rac1 Nxf4 20.gxf4 Bxc4 21.bxc4 Bd6
22.f5 Qh4 23.h3 exf5 24.Qb5 Qf6 25.c5 Bf4 26.Rc4 Bc7 27.c6 Rfe8 28.d5 Rcd8
29.Qa4 a5 30.Qc2 g6 31.Qd2 Qd6 32.Rd4 h5 33.Kf1 b5 34.Qc2 b4 35.Qc4 Bb6 36.R4d2 Bc7
37.Rc2 Re7 38.Qc5 Qe5 39.Qd4 Qd6 40.Bf3 Ree8 41.Qc5 Qf4 42.Bg2 Kh7 43.Qa7 Qd6
44.Qd4 Rb8 45.Qc5 Re7 46.Qxd6 Bxd6 47.Rb1 a4 48.Rc4 a3 49.Bf3 Kg7 50.Rb3 Kf6
51.Rc2 Rc7 52.Ke2  0-1

[Event "Corsica Masters"]
[Site "Bastia FRA"]
[Date "2007.10.30"]
[Round "4.2"]
[White "Nakamura,H"]
[Black "Kasimdzhanov,R"]
[Result "1/2-1/2"]
[WhiteElo "2648"]
[BlackElo "2690"]

1.d4 Nf6 2.c4 e6 3.Nf3 d5 4.g3 Bb4+ 5.Bd2 Be7 6.Bg2 O-O 7.O-O Nbd7 8.Qb3 Nb6
9.c5 Nc4 10.Qc2 b6 11.b3 Nxd2 12.Nbxd2 bxc5 13.dxc5 c6 14.b4 Qc7 15.e4 a5
16.a3 Ba6 17.Rfe1 Rfb8 18.e5 Nd7 19.Qc3 Bb5 20.Nd4 Nxe5 21.Nxb5 cxb5 22.Rxe5 Bf6
23.f4 axb4 24.axb4 Ra4 25.Rb1 Rba8 26.Bf1 Ra2 27.Bxb5 R8a3 28.Qd4 Rc2 29.Bf1 Raa2
30.Nf3 Qa7 31.Rd1 Qa3 32.Qxd5 g6 33.Rxe6 Qb2 34.Re8+ Kg7 35.Rd2 Qxb4 36.Qxa2 Qxc5+
37.Kg2 Rxa2 38.Rxa2 Qd5 39.Rae2 Bc3 40.h4 h6 41.R8e3 Bb4 42.Rc2 Qd1 43.Rce2 Qd5  1/2-1/2

[Event "Corsica Masters"]
[Site "Bastia FRA"]
[Date "2007.10.30"]
[Round "4.1"]
[White "Kasimdzhanov,R"]
[Black "Nakamura,H"]
[Result "0-1"]
[WhiteElo "2690"]
[BlackElo "2648"]

1.d4 d5 2.c4 c6 3.Nc3 Nf6 4.Nf3 e6 5.e3 Nbd7 6.Qc2 Bd6 7.e4 dxe4 8.Nxe4 Nxe4
9.Qxe4 Bb4+ 10.Bd2 Bxd2+ 11.Nxd2 c5 12.dxc5 Qa5 13.a3 Qxc5 14.b4 Qe7 15.Bd3 a5
16.Rb1 axb4 17.axb4 Nf6 18.Qe3 O-O 19.O-O Rd8 20.Nf3 Qc7 21.Ne5 b6 22.Rfd1 Bb7
23.Bf1 Be4 24.Nd3 Ra3 25.Ra1 Rc3 26.Qf4 Qxf4 27.Nxf4 Rxd1 28.Rxd1 g5 29.Nh3 g4
30.Nf4 Kg7 31.h3 h5 32.hxg4 hxg4 33.Rd6 e5 34.Ne2 Rxc4 35.Rxb6 Bd3 36.Ng3 Rc1
37.Rd6 e4 38.Nf5+ Kg6 39.Ne3 g3 40.fxg3 Bxf1 41.Kf2 Bd3 42.Nd5 Kg5  0-1

[Event "North American Open"]
[Site "Las Vegas USA"]
[Date "2007.12.26"]
[Round "1"]
[White "Aigner,M USA"]
[Black "Nakamura,H"]
[Result "0-1"]
[WhiteElo "2236"]
[BlackElo "2648"]

1.e4 Nf6 2.e5 Nd5 3.d4 d6 4.Nf3 g6 5.c4 Nb6 6.exd6 cxd6 7.Nc3 Bg7 8.Be2 O-O
9.O-O Nc6 10.Be3 Bg4 11.b3 d5 12.c5 Nc8 13.h3 Bxf3 14.Bxf3 e6 15.Rc1 N8e7
16.Ne2 Nf5 17.Bg4 Nh4 18.f4 h5 19.Bf3 Qa5 20.Rc2 b6 21.g4 hxg4 22.hxg4 Nb4
23.Bd2 bxc5 24.Bxb4 cxb4 25.Bh1 Rfc8 26.Qd2 Rxc2 27.Qxc2 Qb6 28.Rd1 Bf6 29.Kh2 Kg7
30.Kg3 g5 31.Qd2 Qd6 32.Kf2 Ng6 33.fxg5 Qh2+ 34.Bg2 Qh4+ 35.Kf3 Bxg5 36.Qxb4 e5
37.Ng3 e4+ 38.Kf2 Be3+  0-1

[Event "North American Open"]
[Site "Las Vegas USA"]
[Date "2007.12.28"]
[Round "4"]
[White "Nakamura,H"]
[Black "Kraai,J"]
[Result "1/2-1/2"]
[WhiteElo "2648"]
[BlackElo "2505"]

1.d4 e6 2.g3 c5 3.Nf3 Nc6 4.e4 cxd4 5.Nxd4 Nf6 6.Bg2 Qb6 7.Nb3 Be7 8.O-O d6
9.Nc3 a6 10.a4 Na5 11.Nd4 Bd7 12.b3 Rc8 13.Nde2 O-O 14.Ba3 Rfd8 15.Qd2 Ne8
16.Rac1 Nc6 17.Kh1 Qa5 18.f4 b5 19.axb5 Qxa3 20.Ra1 Qc5 21.bxc6 Rxc6 22.Ra2 Bc8
23.Na4 Qa7 24.c4 Rc7 25.Qa5 Bb7 26.Nec3 Qb8 27.Rd1 Nf6 28.Rad2 h6 29.h3 Nd7
30.Kh2 Nc5 31.Nxc5 Rxc5 32.Qa2 Rcc8 33.Rd3 Qc7 34.Ne2 Qb6 35.Nd4 Bf6 36.Nc2 a5
37.Qa3 Be7 38.Nd4 Kf8 39.Qa2 Ba6 40.f5 e5 41.f6 exd4 42.fxe7+ Kxe7 43.Rxd4 Rc5
44.Qa1 f6 45.Rd5 Bb7 46.Rxc5 dxc5 47.Rxd8 Qxd8 48.Qc3 Qb6 49.e5 Bxg2 50.Kxg2 fxe5
51.Qxe5+ Kf7 52.Qf4+ Kg8 53.Qf3 Qb4 54.Qd3 Kh8 55.h4 a4 56.bxa4 Qxa4 57.Qd8+ Kh7
58.Qd5 Qa3 59.Kh3 Qe3 60.h5 Qg5 61.Qf7 Qe5 62.Kg4 Qe2+ 63.Kh3 Qe4 64.Qf1 Kg8
65.g4 Qe3+ 66.Kg2 Qe4+ 67.Kg3 Qe5+ 68.Qf4 Qe1+ 69.Kg2 Qe2+ 70.Kh3 Qd3+ 71.Kh4 Qd8+
72.Kg3 Qd3+ 73.Kf2 Qc2+ 74.Kg3 Qd3+ 75.Kh4 Qd8+ 76.Kh3 Qd3+ 77.Kh4 Qd8+  1/2-1/2